000 00665nam a2200169 4500
001 135706
003 ES-MaACL
005 20230906194933.0
007 t|
008 070214s1975 sp r ||||1| spa d
100 1 _aRuiz, Juan
_cArcipreste de Hita.
_9100615
245 1 0 _aLibro de Buen Amor
_b: edición facsímil del Códice de Salamanca, Ms. 2.663 /
_cJuan Ruiz, Arcipreste de Hita ; [estudio histórico-crítico y transcripción textual... por César Real de la Riva].
260 _aMadrid :
_bEd. Internacional de Libros Antiguos,
_c1975.
300 _a2 v. ;
_c29 cm.
700 1 _aReal de la Riva, César.
_995681
852 _aES-MaACL
_jE-8096-7
_bR.92734
999 _c135706
_d135706